| 000 | 01046 a2200217 4500 | ||
|---|---|---|---|
| 001 | 22956 | ||
| 005 | 20260407155518.0 | ||
| 008 | 260407a2005 arg spa d | ||
| 003 | AR-UNSa-BCEJYS | ||
| 040 |
_aAR-UNSa-BCEJYS _bspa _cAR-UNSa-BCEJYS |
||
| 080 |
_a347 _xDerecho Civil |
||
| 245 | 1 | 0 | _aDerecho I |
| 264 | 1 |
_aSalta : _bUniversidad Nacional de Salta. Facultad de Ciencias Económicas, Jurídicas y Sociales _c2005 |
|
| 300 |
_a255 p. _c29 cm. |
||
| 505 | _a1. El derecho - 2. Fuente del Derecho - 3. Sujeto del Derecho - 4. Patrimonio - 5. Hechos Jurídicos - 6. Instrumentos privados - 7. Teoría General de las Obligaciones - 8. Modificación de la ogbligación - 9. Actos Ilícitos - 10. Parte general del contrato - 11. Derecho reales - 12. Derechos de familia | ||
| 942 | _cBK | ||
| 590 | _aniveau_biblio:m niveau_hierar:0 | ||
| 100 | 1 | _aAyala de Yáñez, María Rosa I. | |
| 700 | 1 | _aYarade, Héctor Reinaldo | |
| 856 | 4 | 1 |
_uhttps://biblioeco.unsa.edu.ar/pmb/images/libros/Derecho%20I%28l87158%29.jpg _yImagen de portada _qimage/jpeg |
| 999 |
_c1068 _d1068 |
||